000 01040nam a2200241Ia 4500
003 OSt
005 20211014102749.0
008 210310s2011 bo ad gr 000 0 spa d
040 _aCO-JMCR
_cCO-JMCR
041 0 _aspa
082 0 4 _223
_bM665d
_a336.84 /
110 2 _aMinisterio de Economía y Finanzas Publicas, Estado Plurinacional de Bolivia
_941157
245 1 0 _aDossier fiscal 2011
_cMinisterio de Economía y Finanzas Publicas, Estado Plurinacional de Bolivia
260 _aBolivia :
_bBustillos,
_c2011.
300 _a149 páginas :
_bilustraciones y gráficas en blanco y negro ;
_c28 cm.
500 _aIncluye índice de cuadros y de gráficos.
505 0 _aAnálisis fiscal. -- Ingresos. -- Gastos. -- Deuda. -- Acuerdo de decisión de ejecución del programa fiscal financiero. -- Perspectivas.
650 1 4 _aAnálisis fiscal
_zBolivia
_941158
650 2 4 _aIngresos fiscales
_zBolivia
_941159
650 2 4 _aDeuda externa
_zBolivia
_941160
710 1 _aEstado Plurinacional de Bolivia
_eautor
_941161
942 _2ddc
_cBK
999 _c12689
_d12689